000 00856cab a2200265 4500
001 ABS59310
008 090401t1998 xxu||||| |||| 00| 0 eng d
035 _a(Sirsi) u88741
041 _aeng
100 _aLawson, D.
245 _aReality bytes
260 _c1998
350 _a0
490 _aProperty Week
_v63(19) 4 September 1998, 30-31(2)
520 _aConsiders how property professionals are increasingly using the Internet and electronic mail as they realise its business potential. However, finds that smaller firms are still reluctant to invest in IT. Table.
650 _aE-MAIL
650 _aELECTRONIC MAIL
650 _aINTERNET
650 _aPROPERTY PROFESSIONALS
650 _aSURVEYORS
650 _aWEB SITES
690 _aMANAGEMENT-BUSINESS MANAGEMENT-INFORMATION MANAGEMENT
942 _n0
948 _c30/09/1998
999 _c56095
_d56095